Líderes de Igrejas Evangélicas/Neopentecostais do Brasil - Statistics

Estatísticas Gerais
  • Esse quiz foi jogado 86 vezes
  • A pontuação média é 4 de 11
Estatísticas das Respostas
Igreja Nome % Correto
Universal do Reino de Deus Edir Macedo
88%
Internacional da Graça de Deus R.R. Soares
77%
Assembléia de Deus Vitória em Cristo Silas Malafaia
63%
Mundial do Poder de Deus Valdemiro Santiago
50%
Batista da Lagoinha Márcio Valadão
40%
Pentecostal Deus é Amor Ereni Miranda
26%
Bola de Neve Rina
21%
Apostólica Renascer em Cristo Estevam Hernandes
19%
Apostólica Plenitude do Trono de Deus Agenor Duque
14%
Sara Nossa Terra Robson Rodovalho
13%
Comunidade Cristã Paz & Vida Juanribe Pagliarin
6%
Nenhum quiz correspondente encontrado
Distribuição das Pontuações
Porcentagem de Pessoas com Cada Pontuação
Percentil de Números Respondidos
Sua Pontuação Histórica
Você não jogou esse quiz